00782nam a22002177a 4500999001900000005001700019010001500036020002700051035001400078037001300092082001400105245009600119260003400215270005000249300003200299500002200331700002900353700002600382942002800408952012800436 c158331d15833120181025131909.0 aENG-124367 c1395.00a9789386552501 aEN-107899 bDBAD/PUB a792.80954 aThe moving space:ced. by Urmimala Sarkar Munsi [and] Aishika Chakrabortybwomen in dance / aNew DelhibPrimus Booksc2018 aArakashan Road, Paharganj,bNew Delhie110055 axii,276p.c22cm. (Hb)bill. aIt includes index aSarkar Munsi, Urmimala  a Chakraborty, Aishika 2ddccENh792.80954mMOV 001040718NFICaDBADbBNd2018-10-25eDBAD/PUBg1395.00l0o792.80954 MOVpEN-107899r2018-10-25 00:00:00t1v1395.00yEN